| 000 | 00465nam a22001697a 4500 | ||
|---|---|---|---|
| 003 | MACL | ||
| 005 | 20160717144929.0 | ||
| 008 | 160717b xxu||||| |||| 00| 0 eng d | ||
| 040 | _cMACL | ||
| 041 | _aEnglish | ||
| 082 | _a001 | ||
| 100 |
_aRanjan, Ritesh _964619 |
||
| 245 |
_aChapter Wise Solved Papers SSC Staff Selection Commission _bEnglish Language _cRitesh Ranjan |
||
| 260 |
_aMeerut _bArihant Publication |
||
| 650 |
_aG.K _964620 |
||
| 942 |
_2ddc _cBK |
||
| 999 |
_c54368 _d54368 |
||